[Event "Euskadi-chTB"]
[Site "Euskadi"]
[Date "2001.02.03"]
[Round "8"]
[White "Ledesma Gurrea, Alain"]
[Black "Fernandez Ferrero, Alejandro"]
[Result "0-1"]
[WhiteElo "1705"]
[BlackElo "2022"]
[PlyCount "76"]
[EventDate "2000.11.18"]
[EventType "team"]
[EventRounds "9"]
[EventCountry "ESP"]
[SourceTitle "EXT 2006"]
[Source "ChessBase"]
[SourceDate "2005.11.24"]
[SourceVersion "1"]
[SourceVersionDate "2005.11.24"]
[SourceQuality "1"]

1. e4 d5 2. exd5 Qxd5 3. Nc3 Qd8 4. d4 Bf5 5. Nf3 e6 6. Bd3 Bg6 7. Be3 Nf6 8. h3 c6 9. Qe2 Bb4 10. 0-0 0-0 11. Bxg6 hxg6 12. Rfd1 Nbd7 13. Bg5 Qa5 14. Ne4 Qf5 15. Nxf6+ gxf6 16. Bd2 Bxd2 17. Rxd2 Nb6 18. c3 Kg7 19. g4 Qd5 20. Rd3 Rh8 21. Nd2 Rh4 22. Qe4 Qd6 23. f4 Nd5 24. Rf1 Rah8 25. Kg2 f5 26. Qe5+ Qxe5 27. dxe5 fxg4 28. Nc4 gxh3+ 29. Kh2 Nxf4 30. Rdf3 g5 31. Nd6 Rg4 32. Rg3 Rxg3 33. Kxg3 b5 34. Ne4 Kg6 35. Nxg5 Kxg5 36. Rxf4 Rh5 37. Re4 Kg6 38. Rg4+ Rg5 0-1